00389nam a2200145Ia 4500003000500000005001700005008004100022020001800063040001000081082001300091245004400104260003300148300002200181490004000203322820240515110613.0210817s9999 xx 000 0 und d a9781853400759 c[RDA] aEKF DIKS 0aGoliath's birthday /cby Terrance Dicks aLondon :bPiccadilly;c1990. a51 pages.c20 cm. aThe adventures of David and Goliath